| 000 | 00489nam a2200169 4500 | ||
|---|---|---|---|
| 001 | 132803 | ||
| 003 | ES-MaACL | ||
| 005 | 20230906194244.0 | ||
| 007 | t| | ||
| 008 | 070214m19761977sp r ||||1| spa d | ||
| 100 | 1 |
_aRosal, Amaro del. _999632 |
|
| 245 | 1 | 0 |
_aHistoria de la U. G. T. de España _b: 1901-1939 / _cAmaro del Rosal. |
| 250 | _a1ª ed. | ||
| 260 |
_aBarcelona [etc.] : _bGrijalbo, _c1976-1977. |
||
| 300 |
_a2 v., lám. ; _c21 cm. |
||
| 852 |
_aES-MaACL _jA-8415-6 _bR.95599 |
||
| 999 |
_c132803 _d132803 |
||